[Event "Senta op 21st"]
[Site "Senta"]
[Date "2017.07.29"]
[Round "6"]
[White "Dikic, Veljko"]
[Black "Sarnyai, Daniel"]
[Result "1-0"]
[WhiteElo "2102"]
[BlackElo "1965"]
[PlyCount "125"]
[EventDate "2017.07.24"]
[EventType "swiss"]
[EventRounds "9"]
[EventCountry "SRB"]
[SourceTitle "CBM 179 Extra"]
[Source "ChessBase"]
[SourceDate "2017.08.23"]
[SourceVersion "1"]
[SourceVersionDate "2017.08.23"]
[SourceQuality "1"]

1. e4 c5 2. Ne2 e6 3. g3 d6 4. Bg2 Nf6 5. c3 Be7 6. 0-0 0-0 7. d4 Nbd7 8. h3 Rb8 9. a4 a5 10. Na3 b6 11. Be3 Ba6 12. Nb5 Bxb5 13. axb5 Qc7 14. g4 Rfc8 15. g5 Ne8 16. d5 e5 17. c4 Qd8 18. Qd2 f6 19. h4 Nf8 20. Bh3 Rc7 21. f4 Ng6 22. Be6+ Kh8 23. f5 Nf8 24. Bf7 Qd7 25. Ng3 Bd8 26. Be6 Nxe6 27. fxe6 Qe7 28. Nf5 Qf8 29. Rf2 g6 30. Nh6 Qg7 31. Nf7+ Rxf7 32. exf7 Qxf7 33. Raf1 Qg7 34. gxf6 Bxf6 35. Bg5 Bxg5 36. Rf8+ Qxf8 37. Rxf8+ Kg7 38. hxg5 Kxf8 39. Qh2 Kg8 40. Qh3 Rd8 41. Qe6+ Kf8 42. b3 Ra8 43. Qd7 a4 44. bxa4 Rxa4 45. Qxh7 Rxc4 46. Qxg6 Rb4 47. Qf5+ Ke7 48. g6 Rxb5 49. Qf7+ Kd8 50. g7 Nxg7 51. Qxg7 Rb4 52. Qf6+ Kc7 53. Qe7+ Kc8 54. Qxd6 Rxe4 55. Qc6+ Kd8 56. Qxb6+ Kd7 57. Qc6+ Kd8 58. d6 Rg4+ 59. Kf2 Rg7 60. Qb6+ Kc8 61. Qc6+ Kb8 62. d7 Rg8 63. Qb6+ 1-0

[Event "Senta op 21st"]
[Site "Senta"]
[Date "2017.07.29"]
[Round "7"]
[White "Sarnyai, Daniel"]
[Black "Tapai, Djerdj"]
[Result "0-1"]
[WhiteElo "1965"]
[BlackElo "1848"]
[PlyCount "106"]
[EventDate "2017.07.24"]
[EventType "swiss"]
[EventRounds "9"]
[EventCountry "SRB"]
[SourceTitle "CBM 179 Extra"]
[Source "ChessBase"]
[SourceDate "2017.08.23"]
[SourceVersion "1"]
[SourceVersionDate "2017.08.23"]
[SourceQuality "1"]

1. c4 e6 2. Nc3 d5 3. cxd5 exd5 4. Nf3 Nf6 5. e3 c6 6. Be2 Bd6 7. 0-0 0-0 8. Qc2 Nbd7 9. d3 Re8 10. a3 Qe7 11. b4 Ne5 12. Nxe5 Qxe5 13. f4 Qe7 14. d4 g6 15. h3 Bf5 16. Bd3 Bxd3 17. Qxd3 Ne4 18. Nxe4 Qxe4 19. Qd1 f5 20. Rf3 Re7 21. Ra2 a5 22. Rb2 axb4 23. axb4 Ra1 24. Qd2 Re8 25. Rf1 Rea8 26. b5 Ba3 27. Rb3 Bxc1 28. Rxc1 Rxc1+ 29. Qxc1 Ra2 30. Qf1 Qc2 31. Rb1 Qe4 32. bxc6 Rxg2+ 33. Qxg2 Qxb1+ 34. Kh2 bxc6 35. h4 Qe1 36. Qg3 Qe2+ 37. Kh3 Kg7 38. Qg5 Qxe3+ 39. Kh2 h6 40. Qd8 Qxf4+ 41. Kh1 Qe4+ 42. Kh2 Kf7 43. Qh8 Qxh4+ 44. Kg1 Qf6 45. Qxh6 Qxd4+ 46. Kg2 Qe4+ 47. Kf2 d4 48. Qh7+ Kf6 49. Qh8+ Kg5 50. Qd8+ Kg4 51. Qf6 g5 52. Kg1 d3 53. Kh2 d2 0-1

[Event "Senta op 21st"]
[Site "Senta"]
[Date "2017.07.26"]
[Round "3"]
[White "Sarnyai, Daniel"]
[Black "Mak, Janos"]
[Result "1-0"]
[WhiteElo "1965"]
[BlackElo "1744"]
[PlyCount "69"]
[EventDate "2017.07.24"]
[EventType "swiss"]
[EventRounds "9"]
[EventCountry "SRB"]
[SourceTitle "CBM 179 Extra"]
[Source "ChessBase"]
[SourceDate "2017.08.23"]
[SourceVersion "1"]
[SourceVersionDate "2017.08.23"]
[SourceQuality "1"]

1. c4 e5 2. Nc3 Nf6 3. Nf3 Nc6 4. g3 d5 5. cxd5 Nxd5 6. d4 Bb4 7. Bd2 Nxc3 8. bxc3 Ba5 9. Bg2 Qf6 10. Rc1 0-0 11. 0-0 Rb8 12. h4 Re8 13. Ng5 h6 14. Ne4 Qg6 15. c4 f5 16. Bxa5 Nxa5 17. Nc3 b6 18. Kh2 Bb7 19. Nd5 c6 20. Nc3 Red8 21. Qa4 Kh8 22. c5 Rxd4 23. Qa3 Qf7 24. Rfd1 Qe7 25. e3 Rd7 26. Na4 Ba8 27. Qc3 Rc7 28. Rb1 f4 29. cxb6 axb6 30. Rxb6 Rxb6 31. Nxb6 fxg3+ 32. fxg3 Qe8 33. Qxa5 Bb7 34. Nc4 Qe7 35. Qxe5 1-0

[Event "Senta-ch"]
[Site "Senta"]
[Date "2015.02.22"]
[Round "9"]
[White "Sarnyai, Daniel"]
[Black "Vranic, Ljubomir"]
[Result "0-1"]
[WhiteElo "1998"]
[BlackElo "2199"]
[PlyCount "38"]
[EventDate "2015.01.30"]
[EventType "swiss"]
[EventRounds "9"]
[EventCountry "SRB"]
[SourceTitle "EXT 2016"]
[Source "ChessBase"]
[SourceDate "2015.10.08"]
[SourceVersion "1"]
[SourceVersionDate "2015.10.08"]
[SourceQuality "1"]

1. c4 e5 2. Nc3 Nf6 3. g3 d6 4. Bg2 c6 5. e4 Be6 6. d3 Be7 7. Nge2 Qd7 8. 0-0 Na6 9. f4 Bh3 10. f5 Bxg2 11. Kxg2 d5 12. b3 Rd8 13. exd5 cxd5 14. h3 dxc4 15. dxc4 Qc6+ 16. Kh2 Rxd1 17. Rxd1 Qf3 18. Bb2 h5 19. Rf1 Ng4+ 0-1

[Event "Senta-ch"]
[Site "Senta"]
[Date "2015.02.21"]
[Round "8"]
[White "Korponai, Akos"]
[Black "Sarnyai, Daniel"]
[Result "1/2-1/2"]
[WhiteElo "1952"]
[BlackElo "1998"]
[PlyCount "47"]
[EventDate "2015.01.30"]
[EventType "swiss"]
[EventRounds "9"]
[EventCountry "SRB"]
[SourceTitle "EXT 2016"]
[Source "ChessBase"]
[SourceDate "2015.10.08"]
[SourceVersion "1"]
[SourceVersionDate "2015.10.08"]
[SourceQuality "1"]

1. d4 Nf6 2. Nf3 g6 3. g3 Bg7 4. Bg2 0-0 5. 0-0 d5 6. c4 c6 7. cxd5 cxd5 8. Ne5 Ng4 9. Nxg4 Bxg4 10. h3 Be6 11. Nc3 Nc6 12. e3 Qd7 13. Kh2 Rad8 14. Na4 b6 15. Bd2 f5 16. f4 Rc8 17. b4 Bf7 18. Qb3 Rc7 19. Rfc1 Rfc8 20. Nc3 e6 21. Nb5 Rb7 22. Bf1 Bf8 23. a3 Nb8 24. Rxc8 1/2-1/2

[Event "Senta-ch"]
[Site "Senta"]
[Date "2015.02.15"]
[Round "7"]
[White "Sarnyai, Daniel"]
[Black "Brindza, Dezso"]
[Result "1-0"]
[WhiteElo "1998"]
[BlackElo "1712"]
[PlyCount "69"]
[EventDate "2015.01.30"]
[EventType "swiss"]
[EventRounds "9"]
[EventCountry "SRB"]
[SourceTitle "EXT 2016"]
[Source "ChessBase"]
[SourceDate "2015.10.08"]
[SourceVersion "1"]
[SourceVersionDate "2015.10.08"]
[SourceQuality "1"]

1. c4 d6 2. Nc3 Nf6 3. e4 g6 4. g3 Bg7 5. Bg2 c6 6. Nge2 Bg4 7. h3 Bxe2 8. Qxe2 e6 9. 0-0 0-0 10. d3 Qc7 11. f4 Nbd7 12. Kh1 Kh8 13. g4 Ng8 14. g5 Ne7 15. h4 f5 16. h5 Kg8 17. h6 Bh8 18. Bh3 Kf7 19. Bd2 d5 20. Rae1 Qd6 21. cxd5 cxd5 22. exd5 Nxd5 23. Nxd5 Qxd5+ 24. Bg2 Qxa2 25. d4 Rfe8 26. Qb5 Nb6 27. Rc1 Qa4 28. Rc7+ Re7 29. Rxe7+ Kxe7 30. Qc5+ Kf7 31. Bxb7 Rd8 32. Bb4 Qe8 33. Bc6 Nd7 34. Qxa7 Kg8 35. Ba5 1-0

[Event "Senta-ch"]
[Site "Senta"]
[Date "2015.01.30"]
[Round "1"]
[White "Sarnyai, Daniel"]
[Black "Burany, Karoly"]
[Result "1-0"]
[WhiteElo "1998"]
[BlackElo "1451"]
[PlyCount "113"]
[EventDate "2015.01.30"]
[EventType "swiss"]
[EventRounds "9"]
[EventCountry "SRB"]
[SourceTitle "EXT 2016"]
[Source "ChessBase"]
[SourceDate "2015.10.08"]
[SourceVersion "1"]
[SourceVersionDate "2015.10.08"]
[SourceQuality "1"]

1. c4 c5 2. Nf3 Nc6 3. Nc3 e6 4. d4 h6 5. Bf4 f5 6. Nb5 d5 7. Nc7+ Kf7 8. Nxa8 cxd4 9. a3 dxc4 10. Nc7 g5 11. Ne5+ Kf6 12. Nxc6 bxc6 13. Bc1 e5 14. b3 c3 15. e3 Qxc7 16. exd4 exd4 17. Qxd4+ Qe5+ 18. Qxe5+ Kxe5 19. Bc4 Be6 20. Bxe6 Kxe6 21. 0-0 Bg7 22. Re1+ Kf7 23. Ra2 a5 24. Rae2 f4 25. Re6 c5 26. Ra6 Bd4 27. Rxa5 Nf6 28. Ra7+ Kg6 29. Rb7 Re8 30. Kf1 Rxe1+ 31. Kxe1 Ng4 32. f3 Ne5 33. Ke2 Kf5 34. a4 h5 35. a5 h4 36. h3 Ke6 37. a6 Nc6 38. a7 Nxa7 39. Rxa7 c4 40. Ra6+ Kf5 41. bxc4 Ke5 42. Kd3 Be3 43. Ra5+ Kf6 44. Bxe3 fxe3 45. Kxc3 Kg6 46. Kd3 e2 47. Kxe2 Kf7 48. Rxg5 Ke7 49. Ke3 Kf6 50. f4 Ke6 51. c5 Kd7 52. Rg6 Ke7 53. c6 Kd8 54. Rg7 Ke8 55. Rd7 Kf8 56. c7 Ke8 57. c8Q# 1-0

[Event "Senta op 18th"]
[Site "Senta"]
[Date "2014.07.21"]
[Round "4"]
[White "Sarnyai, Daniel"]
[Black "Cvetanovic, Damjan"]
[Result "1-0"]
[WhiteElo "1851"]
[BlackElo "2027"]
[PlyCount "81"]
[EventDate "2014.07.19"]
[EventType "swiss"]
[EventRounds "9"]
[EventCountry "SRB"]
[SourceTitle "CBM 161 Extra"]
[Source "ChessBase"]
[SourceDate "2014.08.29"]
[SourceVersion "1"]
[SourceVersionDate "2014.08.29"]
[SourceQuality "1"]

1. c4 e6 2. Nc3 d5 3. d4 Nf6 4. Nf3 Be7 5. Bf4 0-0 6. e3 b6 7. a3 c5 8. Bd3 Bb7 9. 0-0 Nc6 10. cxd5 exd5 11. Qc2 c4 12. Bf5 g6 13. Bh3 Nh5 14. Bh6 Re8 15. Rad1 Na5 16. Ne5 Bc8 17. Bxc8 Rxc8 18. f4 Nc6 19. Rf3 Bf6 20. Rh3 Ne7 21. g4 Ng7 22. Qf2 a6 23. Bg5 Bxe5 24. dxe5 Qd7 25. Qh4 h5 26. Bxe7 Rxe7 27. Nxd5 Kh8 28. Rg3 Re6 29. Rd4 Qb5 30. Rg2 c3 31. Nxc3 Rxc3 32. bxc3 Qb1+ 33. Kf2 Qc2+ 34. Kf3 Qxc3 35. Rgd2 Qc6+ 36. Kf2 Qh1 37. Rd8+ Kh7 38. Rc8 Rc6 39. Rxc6 Qxc6 40. gxh5 Nxh5 41. Qe7 1-0

[Event "Senta-ch"]
[Site "Senta"]
[Date "2014.02.15"]
[Round "9"]
[White "Korponai, Akos"]
[Black "Sarnyai, Daniel"]
[Result "1/2-1/2"]
[WhiteElo "1888"]
[BlackElo "1828"]
[PlyCount "135"]
[EventDate "2014.01.24"]
[EventType "swiss"]
[EventRounds "9"]
[EventCountry "SRB"]
[SourceTitle "EXT 2016"]
[Source "ChessBase"]
[SourceDate "2015.10.08"]
[SourceVersion "1"]
[SourceVersionDate "2015.10.08"]
[SourceQuality "1"]

1. d4 Nf6 2. Nf3 g6 3. g3 Bg7 4. Bg2 0-0 5. 0-0 d6 6. c4 Bf5 7. Nc3 Nbd7 8. Nh4 Nb6 9. Nxf5 gxf5 10. c5 dxc5 11. dxc5 Nc4 12. Qa4 Ne5 13. Bxb7 Rb8 14. Bg2 Ng6 15. Rd1 Qc8 16. Qxa7 f4 17. Qa4 fxg3 18. hxg3 Qf5 19. e4 Qxc5 20. Be3 Qh5 21. Qc2 Ng4 22. Bd4 N6e5 23. Nd5 e6 24. Nf4 Qh2+ 25. Kf1 c5 26. Bc3 Nc4 27. Ke2 Bxc3 28. Qxc3 Rxb2+ 29. Qxb2 Nxb2 30. Rh1 Qxh1 31. Rxh1 Ra8 32. Ra1 c4 33. f3 Ne5 34. Kd2 Ra3 35. Kc2 Na4 36. Nh5 Nxf3 37. Bxf3 Rxf3 38. Rd1 h6 39. Rd4 Rf2+ 40. Rd2 Rxd2+ 41. Kxd2 Kh7 42. Nf4 e5 43. Nd5 Kg6 44. Ne3 Nc5 45. Nxc4 Nxe4+ 46. Ke3 Nxg3 47. a4 Nf5+ 48. Kf2 f6 49. a5 Ne7 50. a6 Nc6 51. Kg3 Kg5 52. Nd6 Na7 53. Ne4+ Kg6 54. Nd6 f5 55. Kf3 h5 56. Nc4 Kf6 57. Kg3 Ke6 58. Kh4 Kd5 59. Nd2 Kd4 60. Kxh5 Kd3 61. Kg5 f4 62. Nf1 f3 63. Ng3 f2 64. Kg4 Ke3 65. Nf1+ Ke2 66. Ng3+ Ke1 67. Kf5 Nc6 68. Ke4 1/2-1/2

[Event "Senta op-B 17th"]
[Site "Senta"]
[Date "2013.07.19"]
[Round "8"]
[White "Penjov, Damjan"]
[Black "Sarnyai, Daniel"]
[Result "1-0"]
[WhiteElo "2019"]
[BlackElo "1801"]
[PlyCount "65"]
[EventDate "2013.07.13"]
[EventType "swiss"]
[EventRounds "9"]
[EventCountry "SRB"]
[SourceTitle "EXT 2014"]
[Source "ChessBase"]
[SourceDate "2013.11.20"]
[SourceVersion "1"]
[SourceVersionDate "2013.11.20"]
[SourceQuality "1"]

1. e4 c5 2. Nf3 e6 3. d4 cxd4 4. Nxd4 a6 5. Nc3 Qc7 6. Be2 Nf6 7. 0-0 Be7 8. a4 d6 9. Kh1 Nbd7 10. f4 b6 11. Bf3 Bb7 12. g4 0-0 13. g5 Ne8 14. Bg2 Nc5 15. f5 exf5 16. Nxf5 f6 17. g6 hxg6 18. Nh4 Kf7 19. Qg4 Rh8 20. Qxg6+ Kg8 21. Nf5 Kf8 22. Bf4 Ne6 23. Bg3 Ng5 24. Nd5 Bxd5 25. exd5 Nf7 26. Rae1 Bd8 27. Rxe8+ Kxe8 28. Nxg7+ Kf8 29. Ne6+ Ke8 30. Nxc7+ Bxc7 31. Qxf6 Rf8 32. Bh4 Bd8 33. Qe6+ 1-0

[Event "Senta op-B 17th"]
[Site "Senta"]
[Date "2013.07.15"]
[Round "4"]
[White "Sarnyai, Daniel"]
[Black "Csomos, Janos"]
[Result "1/2-1/2"]
[WhiteElo "1801"]
[BlackElo "1875"]
[PlyCount "34"]
[EventDate "2013.07.13"]
[EventType "swiss"]
[EventRounds "9"]
[EventCountry "SRB"]
[SourceTitle "EXT 2014"]
[Source "ChessBase"]
[SourceDate "2013.11.20"]
[SourceVersion "1"]
[SourceVersionDate "2013.11.20"]
[SourceQuality "1"]

1. c4 Nf6 2. Nc3 g6 3. e4 d6 4. g3 e5 5. Bg2 Bg7 6. Nge2 Nh5 7. d3 0-0 8. 0-0 Nc6 9. f4 f5 10. Qc2 exf4 11. Bxf4 Nd4 12. Nxd4 Bxd4+ 13. Kh1 Nxf4 14. Rxf4 g5 15. Rff1 f4 16. Ne2 Be3 17. h3 f3 1/2-1/2

[Event "Battle of Senta op-B 15th"]
[Site "Senta"]
[Date "2011.07.19"]
[Round "5"]
[White "Sarnyai, Daniel"]
[Black "Korosi, Eszter"]
[Result "1-0"]
[WhiteElo "1772"]
[BlackElo "1494"]
[PlyCount "75"]
[EventDate "2011.07.16"]
[EventType "swiss"]
[EventRounds "9"]
[EventCountry "SRB"]
[SourceTitle "EXT 2019"]
[Source "ChessBase"]
[SourceDate "2018.10.10"]
[SourceVersion "1"]
[SourceVersionDate "2018.10.10"]
[SourceQuality "1"]

1. c4 e5 2. Nc3 Nf6 3. Nf3 Nc6 4. g3 d5 5. cxd5 Nxd5 6. Bg2 Nb6 7. 0-0 Be7 8. b3 Be6 9. Bb2 0-0 10. Rc1 Bf6 11. Ne4 Bd5 12. Nxf6+ Qxf6 13. Re1 Rad8 14. e4 Be6 15. Bc3 Bg4 16. h3 Bxf3 17. Bxf3 Rd6 18. Bg2 Rfd8 19. f4 Rd3 20. Qg4 Qe7 21. Bf1 R3d6 22. Kh2 Rg6 23. Qf3 Nd4 24. Qf2 c5 25. f5 Rgd6 26. g4 Qg5 27. Qg3 Rc6 28. Be2 Qe7 29. Qf2 Rcd6 30. Rg1 Nxe2 31. Qxe2 Qg5 32. Rcd1 Qf4+ 33. Kh1 Rd3 34. Qg2 Rg3 35. Qxg3 Qxg3 36. Rxg3 f6 37. g5 Kf7 38. Rdg1 1-0

[Event "Senta January op"]
[Site "Senta"]
[Date "2010.02.05"]
[Round "7"]
[White "Juhasz, Jeno"]
[Black "Sarnyai, Daniel"]
[Result "0-1"]
[WhiteElo "1986"]
[BlackElo "1732"]
[PlyCount "112"]
[EventDate "2010.01.22"]
[EventType "swiss"]
[EventRounds "9"]
[EventCountry "YUG"]
[SourceTitle "EXT 2011"]
[Source "ChessBase"]
[SourceDate "2010.11.26"]
[SourceVersion "1"]
[SourceVersionDate "2010.11.26"]
[SourceQuality "1"]

1. d4 Nf6 2. Nf3 g6 3. g3 Bg7 4. Bg2 0-0 5. 0-0 d6 6. Nbd2 Nbd7 7. c3 c5 8. Qc2 Qc7 9. dxc5 Nxc5 10. Nh4 Bd7 11. Re1 Rab8 12. b4 Na4 13. Nb1 Rfc8 14. Bd2 d5 15. Rc1 Qc4 16. Qd3 Ne4 17. Bxe4 Qxe4 18. a3 Rc4 19. f3 Qe6 20. Ng2 d4 21. Nf4 Qc6 22. Ra2 Rc8 23. e4 dxc3 24. Be1 c2 25. Nd2 Rc3 26. Qd5 Be6 27. Nxe6 fxe6 28. Qa5 Bd4+ 29. Bf2 Bxf2+ 30. Kxf2 Qd6 31. Qg5 Qd4+ 32. Ke2 Qd3+ 33. Kf2 Rd8 34. Nf1 Qxf3+ 35. Kg1 Qxe4 36. Qxe7 Qd4+ 37. Kg2 Qd5+ 38. Kg1 Rf8 39. Raa1 Qd4+ 40. Kg2 Rf2+ 41. Kh3 Qe5 42. Qd8+ Kg7 43. Qe7+ Kh6 44. Qh4+ Qh5 45. Re1 Qxh4+ 46. Kxh4 g5+ 47. Kg4 Rc4+ 48. Kh3 Kh5 49. g4+ Kg6 50. Rxe6+ Kf7 51. Ree1 Rc3+ 52. Ng3 Nb2 53. Rf1 Rxf1 54. Rxf1+ Kg6 55. Rc1 Nd3 56. Ne2 Nf4# 0-1

[Event "Senta January op"]
[Site "Senta"]
[Date "2010.01.29"]
[Round "5"]
[White "Sakic, Simeon"]
[Black "Sarnyai, Daniel"]
[Result "0-1"]
[WhiteElo "1978"]
[BlackElo "1732"]
[PlyCount "132"]
[EventDate "2010.01.22"]
[EventType "swiss"]
[EventRounds "9"]
[EventCountry "YUG"]
[SourceTitle "EXT 2011"]
[Source "ChessBase"]
[SourceDate "2010.11.26"]
[SourceVersion "1"]
[SourceVersionDate "2010.11.26"]
[SourceQuality "1"]

1. e4 c5 2. Nf3 e6 3. d4 cxd4 4. Nxd4 a6 5. Be3 Qc7 6. Bd3 Nf6 7. 0-0 Be7 8. c4 0-0 9. Nc3 d6 10. f3 Nbd7 11. b3 b6 12. Rc1 Bb7 13. Qe1 Rfe8 14. Qg3 Bf8 15. Rfd1 Rac8 16. Nde2 Nc5 17. Bb1 Red8 18. Bg5 Be7 19. Nf4 Ncd7 20. Kh1 Qc5 21. Nd3 Qc7 22. Be3 Bc6 23. Nb4 a5 24. Nd3 Rb8 25. Bd4 Nc5 26. Bxc5 bxc5 27. Nxc5 Nh5 28. Qh3 Nf4 29. Nxe6 Nxe6 30. e5 g6 31. Nd5 Bxd5 32. cxd5 Nc5 33. f4 Qd7 34. Qe3 Rbc8 35. h3 h6 36. f5 Bg5 37. e6 fxe6 38. fxe6 Qg7 39. Qe1 Bxc1 40. Rxc1 Re8 41. Qxa5 Qb2 42. Rf1 Qe2 43. Re1 Qh5 44. Qb6 Qxd5 45. Bxg6 Rxe6 46. Rxe6 Qxe6 47. Bh5 Qe1+ 48. Kh2 Qe5+ 49. Kg1 Qxh5 50. Qxd6 Qf7 51. Qxh6 Ne6 52. Qe3 Re8 53. Qe2 Qa7+ 54. Kh1 Qd7 55. Qg4+ Kf8 56. Qf3+ Ke7 57. Qe4 Qd1+ 58. Kh2 Qd6+ 59. Kh1 Rc8 60. Qh7+ Kd8 61. Qh4+ Qe7 62. Qh8+ Kd7 63. Qb2 Qd6 64. Qa1 Qd2 65. a4 Rc1+ 66. Qxc1 Qxc1+ 0-1

[Event "Senta January op"]
[Site "Senta"]
[Date "2010.01.22"]
[Round "1"]
[White "Sarnyai, Daniel"]
[Black "Savin, Ilija"]
[Result "0-1"]
[WhiteElo "1732"]
[BlackElo "2077"]
[PlyCount "46"]
[EventDate "2010.01.22"]
[EventType "swiss"]
[EventRounds "9"]
[EventCountry "YUG"]
[SourceTitle "EXT 2011"]
[Source "ChessBase"]
[SourceDate "2010.11.26"]
[SourceVersion "1"]
[SourceVersionDate "2010.11.26"]
[SourceQuality "1"]

1. c4 c6 2. Nc3 d5 3. cxd5 cxd5 4. Nf3 Nf6 5. e3 Nc6 6. d4 Bf5 7. Qb3 Rb8 8. Ne5 e6 9. Bb5 Rc8 10. Qa4 Qb6 11. Bd2 Bd6 12. Nxd5 Nxd5 13. Ba5 Qxa5+ 14. Qxa5 Bb4+ 15. Qxb4 Ndxb4 16. 0-0 Ke7 17. a3 Nc2 18. Rad1 Nxe5 19. dxe5 Rhd8 20. Ba4 Bd3 21. Bxc2 Bxf1 22. Rxd8 Kxd8 23. Kxf1 Rxc2 0-1

[Event "Paks op-A"]
[Site "Paks"]
[Date "2009.10.04"]
[Round "7"]
[White "Sarnyai, Daniel"]
[Black "Csernai, Tibor"]
[Result "1-0"]
[WhiteElo "1654"]
[BlackElo "1734"]
[PlyCount "100"]
[EventDate "2009.09.30"]
[EventType "swiss"]
[EventRounds "7"]
[EventCountry "HUN"]
[SourceTitle "EXT 2011"]
[Source "ChessBase"]
[SourceDate "2010.11.26"]
[SourceVersion "1"]
[SourceVersionDate "2010.11.26"]
[SourceQuality "1"]

1. c4 e6 2. Nc3 Nf6 3. e4 Bb4 4. Nge2 0-0 5. a3 Bxc3 6. Nxc3 e5 7. Be2 d6 8. 0-0 Nc6 9. d3 h6 10. Be3 Nh7 11. f4 f5 12. c5 Be6 13. cxd6 Qxd6 14. Nb5 Qd7 15. Bc5 Rf6 16. fxe5 Nxe5 17. d4 Ng4 18. d5 Bf7 19. h3 Ne5 20. Bd4 Re8 21. exf5 Bxd5 22. Rc1 c6 23. Nc3 Rxf5 24. Nxd5 Rxf1+ 25. Qxf1 Qxd5 26. Bxa7 Kh8 27. Rd1 Qb3 28. Bd4 Qe6 29. Bh5 Rf8 30. Qe1 Nf6 31. Qxe5 Qxe5 32. Bxe5 Nxh5 33. Rd7 b5 34. g4 Re8 35. Bc3 Nf6 36. Rd6 Ne4 37. Rxc6 Nxc3 38. Rxc3 Kg8 39. Kf2 Kf7 40. Rc5 Rb8 41. Ke3 Ke6 42. Kf4 Kd6 43. b4 Rb7 44. Kf5 Ra7 45. Rxb5 Rxa3 46. Rb7 Rxh3 47. Rxg7 Kc6 48. Rh7 Kb5 49. g5 Rh5 50. Rxh6 Kxb4 1-0